000 00555nam a22001935b 4500
003 OSt
005 20150116101256.0
008 931129s1990 sp | |||| ||spa
020 _a84-86214-68-8
040 _cBMC
082 _a863.9932092
100 1 _aJessen, Patricia B.
_929685
245 1 3 _aLa realidad en la novelĂ­stica de Manuel Puig
_cPatricia B. Jessen
260 _aMadrid
_bPliegos
_cD.L. 1990
300 _a155 p.
_c20 cm
490 _aPliegos de Ensayo
600 2 4 _aPuig, Manuel
_d1932-1990
_xHistoria y crĂ­tica
_929686
942 _2ddc
_cBK
999 _c16880
_d16880